Law, Justice and Human Values/ (Record no. 188672)

MARC details
000 -LEADER
fixed length control field 00521nam a22001817a 4500
005 - DATE AND TIME OF LATEST TRANSACTION
control field 20220601110359.0
010 ## - LCCN (DPL NO)
LC control number ENG-132904
020 ## - INTERNATIONAL STANDARD BOOK NUMBER
Terms of availability 450.00
035 ## - SYSTEM CONTROL NUMBER
System control number EN-116436
037 ## - SOURCE OF ACQUISITION
Source of stock number/acquisition DBAD/PUB
082 ## - DEWEY DECIMAL CLASSIFICATION NUMBER
Classification number 340.092
100 ## - MAIN ENTRY--PERSONAL NAME
Personal name Rao, R. Venkata
245 ## - TITLE STATEMENT
Title Law, Justice and Human Values/
Statement of responsibility, etc R. Venkata Rao
260 ## - PUBLICATION, DISTRIBUTION, ETC. (IMPRINT)
Place of publication, distribution, etc Visakhapatnam
Name of publisher, distributor, etc Centre for Policy Studies & Viskhapatnam Public Library
Date of publication, distribution, etc 2018
270 ## - ADDRESS
City Visakhapatnam
300 ## - PHYSICAL DESCRIPTION
Extent 144p.
Dimensions 21cm(pbk)
942 ## - ADDED ENTRY ELEMENTS (KOHA)
Source of classification or shelving scheme Dewey Decimal Classification
Item type English Books
Classification part 340.092
Call number suffix RAO
Holdings
Withdrawn status Lost status Not for loan Collection code Home library Current library Date acquired Source of acquisition Cost, normal purchase price Full call number Barcode Copy number Cost, replacement price Koha item type
      Non-fiction Ashok Vihar Ashok Vihar 01/06/2022 DBAD/PUB 450.00 340.092 RAO EN-116436 1 450.00 English Books

© Delhi Public Library
Hit Counter
free hit counter